书目信息 |
| 题名: |
清西陵档案解密
|
|
| 作者: | 耿左车 , 邢宏伟 , 那凤英 著 | |
| 分册: | ||
| 出版信息: | 北京 中国工人出版社 2015.6 |
|
| 页数: | 271页 | |
| 开本: | 24cm | |
| 丛书名: | ||
| 单 册: | ||
| 中图分类: | K928.76 | |
| 科图分类: | ||
| 主题词: | 陵墓--ling mu--史料--中国--清代 | |
| 电子资源: | ||
| ISBN: | 978-7-5008-6123-2 | |
| 000 | 00890nam0 22002531 450 | |
| 001 | 1730244647 | |
| 005 | 20170525101416.0 | |
| 010 | @a978-7-5008-6123-2@dCNY32.80 | |
| 100 | @a20150806d2015 em y0chiy50 ea | |
| 101 | 0 | @achi |
| 102 | @aCN@b110000 | |
| 105 | @aac z 000yy | |
| 106 | @ar | |
| 200 | 1 | @a清西陵档案解密@Aqing xi ling dang an jie mi@f耿左车, 邢宏伟, 那凤英著 |
| 210 | @a北京@c中国工人出版社@d2015.6 | |
| 215 | @a271页@c图, 肖像@d24cm | |
| 330 | @a本书对清西陵的风水、陵寝规制、内葬人物、管理保护,祭祀礼仪及陪葬墓进行了论述和解读。匡正了以前许多误解,披露了许多鲜为人知的新史料、新观点。 | |
| 606 | 0 | @a陵墓@Aling mu@x史料@y中国@z清代 |
| 690 | @aK928.76@v5 | |
| 701 | 0 | @a耿左车@Ageng zuo che@4著 |
| 701 | 0 | @a邢宏伟@Axing hong wei@c(女)@4著 |
| 701 | 0 | @a那凤英@Ana feng ying@c(女)@4著 |
| 801 | 0 | @aCN@bTANG WEI@c20170510 |
| 905 | @b0967784-7@dK928.76@e1003@f4 | |
| 清西陵档案解密/耿左车, 邢宏伟, 那凤英著.-北京:中国工人出版社,2015.6 |
| 271页:图, 肖像;24cm |
| ISBN 978-7-5008-6123-2:CNY32.80 |
| 本书对清西陵的风水、陵寝规制、内葬人物、管理保护,祭祀礼仪及陪葬墓进行了论述和解读。匡正了以前许多误解,披露了许多鲜为人知的新史料、新观点。 |
| ● |
| 相关链接 |
|
|
|
|
正题名:清西陵档案解密
索取号:K928.76/1003
 
预约/预借
| 序号 | 登录号 | 条形码 | 馆藏地/架位号 | 状态 | 备注 |
| 1 | 0967784 | 209677848 | 第二样本阅览室/ [索取号:K928.76/1003] | 在馆 | |
| 2 | 0967785 | 209677857 | 第二借阅区/ [索取号:K928.76/1003] | 在馆 | |
| 3 | 0967786 | 209677866 | 第二借阅区/ [索取号:K928.76/1003] | 在馆 | |
| 4 | 0967787 | 209677875 | 第二借阅区/ [索取号:K928.76/1003] | 在馆 |